| 000 | 00625nam a22002177a 4500 | ||
|---|---|---|---|
| 005 | 20251108164114.0 | ||
| 008 | 250721s2000 xx 000 0 ara d | ||
| 082 | 1 | 4 | _aم/338.4791/دلي |
| 100 | 1 |
_aعاصي، حسن _eمحرر |
|
| 245 | 1 | 0 | _aالدليل السياحي / |
| 246 | 1 | 1 | _aThe Arab tourism guide |
| 264 | 1 |
_aبيروت : _bدار المواسم، _c2000. |
|
| 300 | _a916ص | ||
| 650 | 1 | 7 | _aالسياحة |
| 650 | 1 | 7 | _aتنمية السياحة |
| 650 | 1 | 7 | _aالمناطق السياحية |
| 650 | 1 | 7 | _aالآثار |
| 650 | 1 | 7 | _aالبلدان العربية |
| 942 |
_2ddc _cREF |
||
| 999 |
_c3759 _d3759 |
||